Meaning and form: systemic functional interpretations

Сохранить в:
Библиографические подробности
Главные авторы: Berry, Margaret (Автор), Butler, Christopher S (Автор), Fawcett, Robin (Автор), Huang, Guowen (Автор)
Формат:
Язык:английский
Опубликовано: Nueva York Ablex 1996
Серии:Advances in Discourse Processes, 57
Предметы:
Метки: Добавить метку
Нет меток, Требуется 1-ая метка записи!

MARC

LEADER 00000nam a2200000 a 4500
001 UCM7438
003 CL-VaPUC
008 021220e19960000US |||||||||||||||||eng|d
082 0 4 |a 415  |b BER  |2 21 
100 0 |a Berry, Margaret  |e author  |9 473006 
700 0 |a Butler, Christopher S  |e author  |9 473007 
700 0 |a Fawcett, Robin  |e author  |9 473008 
700 0 |a Huang, Guowen  |e author  |9 473009 
245 1 0 |a Meaning and form: systemic functional interpretations 
246 1 0 |a Meaning and choice in language: studies for Michael Halliday 
300 |a 659 p 
942 |c BK 
945 |d 20021220 00:00:00  |a cmena 
260 |a Nueva York  |b Ablex  |c 1996 
600 0 7 |a HALLIDAY, MICHAEL ALEXANDER KIRKWOOD  |2 CL-VaPUC  |9 461646 
650 0 |a Gramática  |9 270497 
650 7 |a GRAMATICA SISTEMICA  |2 CL-VaPUC  |9 473010 
650 7 |a FUNCIONALISMO  |2 CL-VaPUC  |9 473011 
650 0 |a Lingüística  |9 265068 
650 0 |a Análisis del discurso  |9 256696 
583 |a last modification  |c 20130419 09:02:35  |k Rodrigo Vera 
490 0 |a Advances in Discourse Processes, 57 
999 |c 302230  |d 302228 
952 |0 0  |1 0  |4 0  |6 415_000000000000000_BER_1996  |7 0  |8 A  |9 362360  |a FDOPOS  |b FDOPOS  |d 2019-11-21  |i 387012K  |o 415 BER 1996  |p 387012K  |r 2025-01-22  |w 2019-11-21  |y BK  |k MLA